[Event "RUS-ch Blitz Women 2018"]
[Site "Sochi"]
[Date "2018.10.07"]
[Round "17"]
[White "Voit, Daria"]
[Black "Maltsevskaya, Aleksandra"]
[Result "1-0"]
[WhiteElo "2352"]
[BlackElo "2290"]
[Annotator "NA"]
[PlyCount "101"]
[EventDate "2018.10.07"]
[EventType "swiss"]
[EventCountry "RUS"]
[SourceTitle "playchess.com"]
[Source "ChessBase"]
[SourceQuality "1"]
[TimeControl "180+2"]

1. Nf3 {[%emt 0:00:00]} Nf6 {[%emt 0:00:00]} 2. c4 {[%emt 0:00:00]} g6 {[%emt 0:00:00]} 3. d4 {[%emt 0:00:01]} d6 {[%emt 0:00:01]} 4. Nc3 {[%emt 0:00:02]} Bg7 {[%emt 0:00:01]} 5. Bg5 {[%emt 0:00:01]} O-O {[%emt 0:00:02]} 6. e3 {[%emt 0:00:01]} c6 {[%emt 0:00:06]} 7. Be2 {[%emt 0:00:03]} a6 {[%emt 0:00:00]} 8. O-O {[%emt 0:00:08]} b5 {[%emt 0:00:01]} 9. Qc2 {[%emt 0:00:01]} Nbd7 {[%emt 0:00:03]} 10. Rfd1 {[%emt 0:00:02]} Bb7 {[%emt 0:00:02]} 11. Rac1 {[%emt 0:00:02]} Rc8 {[%emt 0:00:00]} 12. b3 {[%emt 0:00:01]} h6 {[%emt 0:00:08]} 13. Bh4 {[%emt 0:00:01]} Re8 {[%emt 0:00:13]} 14. a4 {[%emt 0:00:04]} Qa5 {[%emt 0:00:14]} 15. axb5 {[%emt 0:00:12]} cxb5 {[%emt 0:00:02]} 16. Ra1 {[%emt 0:00:03]} Qb6 {[%emt 0:00:08]} 17. Qd3 {[%emt 0:00:17]} e5 {[%emt 0:00:27]} 18. dxe5 {[%emt 0:00:02]} dxe5 {[%emt 0:00:03]} 19. Qd6 {[%emt 0:00:07]} Qxd6 {[%emt 0:00:08]} 20. Rxd6 {[%emt 0:00:01]} bxc4 {[%emt 0:00:04]} 21. Bxc4 {[%emt 0:00:10]} g5 {[%emt 0:00:13]} 22. Bg3 {[%emt 0:00:01]} Rc7 {[%emt 0:00:34]} 23. h3 {[%emt 0:00:36]} Nh5 {[%emt 0:00:25]} 24. Bh2 {[%emt 0:00:13]} Nc5 {[%emt 0:00:02]} 25. Nd5 {[%emt 0:00:07]} Bxd5 {[%emt 0:00:19]} 26. Rxd5 {[%emt 0:00:01]} Ne4 {[%emt 0:00:28]} 27. g4 {[%emt 0:00:13]} Nhf6 {[%emt 0:00:01]} 28. Rxe5 {[%emt 0:00:02]} Rd8 {[%emt 0:00:06]} 29. Rea5 {[%emt 0:00:02]} Rcd7 {[%emt 0:00:02]} 30. Rxa6 {[%emt 0:00:04]} Rd1+ {[%emt 0:00:02]} 31. Rxd1 {[%emt 0:00:01]} Rxd1+ 32. Kg2 Rb1 {[%emt 0:00:03]} 33. Be5 {[%emt 0:00:07]} h5 {[%emt 0:00:02]} 34. Ra8+ {[%emt 0:00:04]} Kh7 {[%emt 0:00:01]} 35. Bxf6 {[%emt 0:00:01]} Bxf6 {[%emt 0:00:03]} 36. Bd3 {[%emt 0:00:01]} Rxb3 {[%emt 0:00:04]} 37. Bxe4+ {[%emt 0:00:01]} Kg7 {[%emt 0:00:00]} 38. gxh5 {[%emt 0:00:02]} Rb5 {[%emt 0:00:03]} 39. Nd4 {[%emt 0:00:03]} Bxd4 {[%emt 0:00:03]} 40. exd4 {[%emt 0:00:01]} f5 {[%emt 0:00:02]} 41. Bd3 {[%emt 0:00:03]} Rd5 {[%emt 0:00:02]} 42. Ra4 {[%emt 0:00:03]} Kh6 {[%emt 0:00:01]} 43. Be2 {[%emt 0:00:01]} Rd6 {[%emt 0:00:03]} 44. Bf3 {[%emt 0:00:01]} Kg7 {[%emt 0:00:02]} 45. d5 {[%emt 0:00:01]} Kf6 {[%emt 0:00:01]} 46. Rc4 {[%emt 0:00:02]} Ke5 {[%emt 0:00:01]} 47. Rc6 {[%emt 0:00:01]} Rd8 {[%emt 0:00:01]} 48. Re6+ {[%emt 0:00:01]} Kf4 {[%emt 0:00:01]} 49. h6 {[%emt 0:00:04]} Rd7 {[%emt 0:00:04]} 50. d6 {[%emt 0:00:03]} Rh7 {[%emt 0:00:01]} 51. Bc6 {[%emt 0:00:05]} 1-0

[Event "RUS-ch Blitz Women 2018"]
[Site "Sochi"]
[Date "2018.10.07"]
[Round "17"]
[White "Charochkina, Daria"]
[Black "Potapova, Margarita"]
[Result "1-0"]
[WhiteElo "2344"]
[BlackElo "2284"]
[Annotator "NA"]
[PlyCount "85"]
[EventDate "2018.10.07"]
[EventType "swiss"]
[EventCountry "RUS"]
[SourceTitle "playchess.com"]
[Source "ChessBase"]
[SourceQuality "1"]
[TimeControl "180+2"]

1. d4 {[%emt 0:00:00]} Nf6 {[%emt 0:00:00]} 2. c4 {[%emt 0:00:00]} e6 {[%emt 0:00:00]} 3. Nc3 {[%emt 0:00:00]} Bb4 {[%emt 0:00:00]} 4. Qc2 {[%emt 0:00:00]} d5 {[%emt 0:00:08]} 5. a3 {[%emt 0:00:01]} Bxc3+ {[%emt 0:00:04]} 6. Qxc3 {[%emt 0:00:01]} dxc4 {[%emt 0:00:07]} 7. Qxc4 {[%emt 0:00:03]} b6 {[%emt 0:00:04]} 8. Bg5 {[%emt 0:00:11]} Ba6 {[%emt 0:00:08]} 9. Qa4+ {[%emt 0:00:16]} Qd7 {[%emt 0:00:01]} 10. Qd1 {[%emt 0:00:05]} Ne4 {[%emt 0:00:05]} 11. Bf4 {[%emt 0:00:14]} O-O {[%emt 0:00:09]} 12. f3 {[%emt 0:00:10]} Nd6 {[%emt 0:00:02]} 13. Nh3 {[%emt 0:00:13]} Nf5 {[%emt 0:00:09]} 14. e3 {[%emt 0:00:07]} Bxf1 {[%emt 0:00:02]} 15. Rxf1 {[%emt 0:00:03]} Qb5 {[%emt 0:00:39]} 16. Qc2 {[%emt 0:00:16]} Na6 {[%emt 0:00:10]} 17. Kf2 {[%emt 0:00:10]} c5 {[%emt 0:00:01]} 18. d5 {[%emt 0:00:03]} c4 {[%emt 0:00:12]} 19. Rfd1 {[%emt 0:00:39]} Nc5 {[%emt 0:00:03]} 20. Kg1 {[%emt 0:00:05]} Nd3 {[%emt 0:00:08]} 21. dxe6 {[%emt 0:00:07]} fxe6 {[%emt 0:00:26]} 22. Rd2 {[%emt 0:00:20]} e5 {[%emt 0:00:08]} 23. Bg3 {[%emt 0:00:25]} Nxe3 {[%emt 0:00:02]} 24. Qc3 {[%emt 0:00:02]} Nd5 {[%emt 0:00:06]} 25. Qc2 {[%emt 0:00:01]} Qc5+ {[%emt 0:00:02]} 26. Kh1 {[%emt 0:00:01]} N5f4 {[%emt 0:00:08]} 27. Ng5 {[%emt 0:00:03]} Qd4 {[%emt 0:00:12]} 28. Bxf4 {[%emt 0:00:06]} Qxf4 {[%emt 0:00:20]} 29. Ne6 {[%emt 0:00:01]} Qh4 {[%emt 0:00:01]} 30. Nxf8 {[%emt 0:00:01]} Rxf8 {[%emt 0:00:01]} 31. Re2 {[%emt 0:00:07]} Rf6 {[%emt 0:00:00]} 32. Kg1 {[%emt 0:00:04]} Rh6 {[%emt 0:00:02]} 33. h3 {[%emt 0:00:00]} b5 {[%emt 0:00:05]} 34. a4 {[%emt 0:00:04]} Qg3 {[%emt 0:00:02]} 35. axb5 {[%emt 0:00:03]} Rh4 {[%emt 0:00:14]} 36. b6 {[%emt 0:00:01]} axb6 {[%emt 0:00:03]} 37. Ra8+ {[%emt 0:00:01]} Kf7 {[%emt 0:00:00]} 38. Qa4 {[%emt 0:00:01]} Nc5 {[%emt 0:00:05]} 39. Qe8+ {[%emt 0:00:03]} Kf6 {[%emt 0:00:02]} 40. Qf8+ {[%emt 0:00:03]} Kg6 {[%emt 0:00:01]} 41. Qd6+ {[%emt 0:00:07]} Kf5 {[%emt 0:00:05]} 42. Rf8+ {[%emt 0:00:01]} Kg5 {[%emt 0:00:01]} 43. Rxe5+ {[%emt 0:00:01]} 1-0

[Event "RUS-ch Blitz Women 2018"]
[Site "Sochi"]
[Date "2018.10.07"]
[Round "17"]
[White "Dordzhieva, Dinara"]
[Black "Guseva, Marina"]
[Result "1/2-1/2"]
[WhiteElo "2340"]
[BlackElo "2292"]
[Annotator "NA"]
[PlyCount "91"]
[EventDate "2018.10.07"]
[EventType "swiss"]
[EventCountry "RUS"]
[SourceTitle "playchess.com"]
[Source "ChessBase"]
[SourceQuality "1"]
[TimeControl "180+2"]

1. Nf3 {[%emt 0:00:00]} d5 {[%emt 0:00:00]} 2. g3 {[%emt 0:00:00]} Bg4 {[%emt 0:00:00]} 3. Bg2 {[%emt 0:00:00]} Nd7 {[%emt 0:00:01]} 4. d4 {[%emt 0:00:01]} Ngf6 {[%emt 0:00:01]} 5. h3 {[%emt 0:00:01]} Bh5 {[%emt 0:00:17]} 6. O-O {[%emt 0:00:01]} e6 {[%emt 0:00:01]} 7. b3 {[%emt 0:00:02]} c6 {[%emt 0:00:08]} 8. c4 {[%emt 0:00:01]} Be7 {[%emt 0:00:04]} 9. Bb2 {[%emt 0:00:00]} Ne4 {[%emt 0:00:04]} 10. Nbd2 {[%emt 0:00:02]} Bg6 {[%emt 0:00:05]} 11. cxd5 {[%emt 0:00:26]} exd5 {[%emt 0:00:02]} 12. Ne5 {[%emt 0:00:04]} Nxe5 {[%emt 0:00:06]} 13. dxe5 {[%emt 0:00:01]} Nxd2 {[%emt 0:00:10]} 14. Qxd2 {[%emt 0:00:00]} O-O {[%emt 0:00:04]} 15. Qd4 {[%emt 0:00:07]} f6 {[%emt 0:00:14]} 16. exf6 {[%emt 0:00:13]} Bxf6 {[%emt 0:00:02]} 17. Qd2 {[%emt 0:00:00]} Bxb2 {[%emt 0:00:03]} 18. Qxb2 {[%emt 0:00:01]} Qe7 {[%emt 0:00:02]} 19. e3 {[%emt 0:00:01]} Be4 {[%emt 0:00:01]} 20. Rad1 {[%emt 0:00:22]} Bxg2 {[%emt 0:00:03]} 21. Kxg2 {[%emt 0:00:00]} Qe4+ {[%emt 0:00:02]} 22. Kg1 {[%emt 0:00:01]} Rae8 {[%emt 0:00:09]} 23. Rd4 {[%emt 0:00:01]} Qf3 {[%emt 0:00:02]} 24. Rg4 {[%emt 0:00:15]} Rf7 {[%emt 0:00:05]} 25. Qd4 {[%emt 0:00:01]} b6 {[%emt 0:00:05]} 26. b4 {[%emt 0:00:01]} h6 {[%emt 0:00:21]} 27. Qd2 {[%emt 0:00:02]} Re4 {[%emt 0:00:04]} 28. Rxe4 {[%emt 0:00:20]} Qxe4 29. Rc1 Rf6 {[%emt 0:00:06]} 30. Qd4 {[%emt 0:00:17]} Qxd4 {[%emt 0:00:05]} 31. exd4 {[%emt 0:00:01]} Kf7 {[%emt 0:00:01]} 32. h4 {[%emt 0:00:04]} Ke7 {[%emt 0:00:01]} 33. f4 {[%emt 0:00:06]} Re6 {[%emt 0:00:14]} 34. Kf2 {[%emt 0:00:02]} Kd7 {[%emt 0:00:02]} 35. Kf3 {[%emt 0:00:28]} Re4 {[%emt 0:00:03]} 36. Rd1 {[%emt 0:00:01]} h5 {[%emt 0:00:05]} 37. g4 {[%emt 0:00:00]} hxg4+ {[%emt 0:00:02]} 38. Kxg4 {[%emt 0:00:01]} Kd6 {[%emt 0:00:01]} 39. Kg5 {[%emt 0:00:03]} Ke6 {[%emt 0:00:06]} 40. f5+ {[%emt 0:00:03]} Kf7 {[%emt 0:00:02]} 41. Rc1 {[%emt 0:00:05]} Rxd4 {[%emt 0:00:02]} 42. Rxc6 {[%emt 0:00:01]} Rxb4 43. Rc7+ Kg8 {[%emt 0:00:03]} 44. Rxa7 {[%emt 0:00:02]} Rb2 {[%emt 0:00:03]} 45. Rd7 {[%emt 0:00:24]} Rxa2 {[%emt 0:00:04]} 46. Rxd5 {[%emt 0:00:01]} 1/2-1/2

[Event "RUS-ch Blitz Women 2018"]
[Site "Sochi"]
[Date "2018.10.07"]
[Round "17"]
[White "Maletina, Tatiana"]
[Black "Shuvalova, Polina"]
[Result "1-0"]
[WhiteElo "2270"]
[BlackElo "2421"]
[Annotator "TA"]
[PlyCount "95"]
[EventDate "2018.10.07"]
[EventType "swiss"]
[EventCountry "RUS"]
[SourceTitle "playchess.com"]
[Source "ChessBase"]
[SourceQuality "1"]

{[%evp 30,95,45,51,54,51,62,29,31,0,0,12,0,0,0,0,75,75,142,-219,141,112,124,128,146,87,93,0,189,185,229,210,218,235,232,224,495,494,488,462,948,946,935,925,811,8,5,-1119,-125,-131,-134,-134,-167,-1020,74,67,67,-29981,302,297,297,0,0,0,0,0,29998,29999]} 1. d4 Nf6 2. c4 e6 3. g3 d5 4. Nf3 Bb4+ 5. Bd2 Be7 6. Bg2 c6 7. O-O Nbd7 8. Qc2 b6 9. Rd1 Bb7 10. Bf4 Rc8 11. Nc3 O-O 12. Ne5 Nxe5 {E08: Closed Catalan: Main Line: 7 Qc2} (12... Nh5 13. Bc1 Nhf6 14. e4 Bb4 15. Bg5 Qc7 16. Nxd7 Nxd7 17. a3 Bxc3 18. Qxc3 dxc4 19. Bf4 Qd8 20. Bd6 {0-1 (76) Dominguez Perez,L (2739)-Caruana,F (2822) Saint Louis 2018}) 13. dxe5 Nd7 14. cxd5 cxd5 15. e4 dxe4 16. Bxe4 {LiveBook: 9 Games} Bxe4 17. Qxe4 Qe8 18. Qb7 {[#]} Rd8 $146 ({Predecessor:} 18... Nc5 19. Qxa7 Ra8 20. Qxb6 {½-½ (80) Ernst,S (2527)-Pavlidis,A (2522) Hoogeveen 2015}) 19. Qxa7 g5 $1 {[%cal Rg5f4]} 20. Be3 Nxe5 21. Qxb6 Rb8 22. Qc7 Nf3+ (22... f6 $11 {remains equal.}) 23. Kg2 $16 g4 (23... Rxb2 $142 24. Rab1 (24. Kxf3 Qa8+ 25. Nd5 Bf6 $11) 24... Rc2) 24. b3 $2 {[%mdl 8192]} (24. Bh6 $1 $16 {is necessary to keep the advantage.}) 24... Bf6 $2 (24... Rc8 $1 $19 {[%cal Rc8c7]} 25. Qf4 f5) 25. Rac1 $36 {[%mdl 2048] Keeping Black busy.} Be5 26. Qc4 h5 27. Bh6 (27. Ne4 $142 $1) 27... Rc8 28. Qd3 (28. Qb4 $1 $16 {[%cal Rb4f8]} Bg7 29. Bxg7 Kxg7 30. Qb7) 28... Qc6 $2 (28... Rxc3 $1 $11 29. Rxc3 Qa8 30. Bxf8 Ne1+ 31. Kf1 Nxd3 32. Rcxd3 Bc7) 29. Ne4 $18 Qb7 30. Bxf8 Rxf8 31. Rc4 f5 32. Nc5 $1 {[%cal Rc5b7]} Nh4+ $2 (32... Ne1+ {was necessary.} 33. Kf1 Nxd3 34. Nxb7 Nb2) 33. Kf1 Qg2+ 34. Ke2 Nf3 (34... Ng6 $142 35. Nxe6 Re8 36. Qxf5 Qf3+ 37. Qxf3 gxf3+ 38. Kxf3 Rxe6) 35. Nxe6 Rf7 36. Rc8+ Kh7 37. Ng5+ $2 ({White should try} 37. Qd8 $18 Kh6 38. Nf4 (38. Qg8 Ng1+ 39. Rxg1 Qf3+ 40. Ke1 Bc3+ 41. Rxc3 Qxc3+ 42. Kf1 Qd3+ 43. Ke1 Qb1+ 44. Kd2 Qxa2+ 45. Ke1 Qb1+ 46. Ke2 Qe4+ 47. Kf1 Qxe6 $11) 38... Ng1+ 39. Rxg1 $1 {[%mdl 512]} Qe4+ 40. Kd2 Bxf4+ 41. gxf4 Qxf4+ 42. Kd1) 37... Nxg5 $11 38. Qd8 $2 {[%mdl 8192]} (38. Qd5 $11 Qxd5 39. Rxd5) 38... Qe4+ $2 (38... Bf6 $19 39. Qe8 Re7+ 40. Qxe7+ Bxe7) 39. Kf1 $17 {[#]} Qh1+ $1 {[%mdl 1024] Black has strong compensation.} 40. Ke2 Qf3+ 41. Ke1 $2 (41. Kf1 Ne4 42. Qg8+ Kh6 43. Rc6+ Bf6 44. Rxf6+ Nxf6 45. Qxf7 Qxd1+ 46. Kg2) 41... Rg7 $2 ({Black should play} 41... Bf6 $19 42. Qe8 Re7+ 43. Qxe7+ Bxe7) 42. Qh8+ $16 Kg6 {White must now prevent ...Re7.} 43. Rc6+ $2 {[%mdl 8192]} (43. Qe8+ $14 Nf7 44. Qc6+ Qxc6 45. Rxc6+ Bf6 46. Kf1) 43... Bf6 $4 {[%mdl 8192] [#]} (43... Qxc6 {mates} 44. Qd8 Bc3+ 45. Kf1 Qh1+ 46. Ke2 Re7+ 47. Qxe7 Qf3+ 48. Kf1 Qxd1+ 49. Kg2 Qf3+ 50. Kf1 Qh1+ 51. Ke2 Qe1+ 52. Kd3 Qxe7 53. Kxc3 Ne4+ 54. Kb2 Qb4 55. h3 Qd2+ 56. Ka3 Nc5 57. hxg4 hxg4 58. f3 Nd3 59. fxg4 Qb4#) 44. Rxf6+ $1 $18 {[%mdl 512]} Kxf6 {[#]} 45. Qh6+ $2 ({White has to play} 45. Rd6+ $1 $18 Ke5 46. Qxg7+ Kxd6 47. Qxg5) 45... Rg6 $11 46. Qf8+ Nf7 {...Qe4+ is the strong threat.} 47. Rd6+ $1 Ke5 $2 {[%mdl 8192]} (47... Kg5 $11 48. Qe7+ Kh6 49. Qxf7 Qe4+ 50. Kf1 Qb1+ 51. Kg2 Qe4+ 52. Kg1 Qe1+ 53. Kg2 Qe4+ 54. Kf1 Qh1+ 55. Ke2 Qf3+ 56. Ke1 Qe4+ 57. Kf1) 48. Qe7+ {Precision: White = 33%, Black = 23%.} 1-0

[Event "RUS-ch Blitz Women 2018"]
[Site "Sochi"]
[Date "2018.10.07"]
[Round "17"]
[White "Vasilevich, Irina"]
[Black "Vasilevich, Tatjana"]
[Result "1-0"]
[WhiteElo "2258"]
[BlackElo "2360"]
[Annotator "NA"]
[PlyCount "96"]
[EventDate "2018.10.07"]
[EventType "swiss"]
[EventCountry "RUS"]
[SourceTitle "playchess.com"]
[Source "ChessBase"]
[SourceQuality "1"]
[TimeControl "180+2"]

1. c4 {[%emt 0:00:00]} e5 {[%emt 0:00:00]} 2. Nc3 {[%emt 0:00:01]} Nf6 {[%emt 0:00:00]} 3. g3 {[%emt 0:00:01]} d5 {[%emt 0:00:00]} 4. cxd5 {[%emt 0:00:02]} Nxd5 {[%emt 0:00:00]} 5. Bg2 Nb6 6. e3 {[%emt 0:00:02]} Nc6 {[%emt 0:00:06]} 7. Nge2 {[%emt 0:00:02]} Nb4 {[%emt 0:00:14]} 8. O-O {[%emt 0:00:15]} Nd3 {[%emt 0:00:10]} 9. f4 {[%emt 0:00:03]} Bd6 {[%emt 0:00:37]} 10. fxe5 Bxe5 11. a3 {[%emt 0:01:03]} O-O {[%emt 0:00:06]} 12. Qc2 {[%emt 0:00:00]} Be6 {[%emt 0:00:15]} 13. Be4 {[%emt 0:00:08]} Nxc1 {[%emt 0:00:23]} 14. Raxc1 {[%emt 0:00:02]} g6 {[%emt 0:00:04]} 15. Bxb7 {[%emt 0:00:04]} Rb8 {[%emt 0:00:06]} 16. Bg2 {[%emt 0:00:04]} Nc4 {[%emt 0:00:01]} 17. b4 {[%emt 0:01:07]} Qxd2 {[%emt 0:00:19]} 18. Qxd2 {[%emt 0:00:13]} Nxd2 {[%emt 0:00:01]} 19. Rfd1 {[%emt 0:00:01]} Nc4 {[%emt 0:00:02]} 20. Nd5 {[%emt 0:00:05]} Nxa3 {[%emt 0:00:18]} 21. Ne7+ {[%emt 0:00:04]} Kg7 {[%emt 0:00:06]} 22. Nc6 {[%emt 0:00:01]} Rb5 {[%emt 0:00:11]} 23. Rd3 {[%emt 0:00:08]} Nc4 {[%emt 0:00:09]} 24. Ned4 {[%emt 0:00:01]} Bxd4 {[%emt 0:00:04]} 25. Nxd4 {[%emt 0:00:02]} Rxb4 {[%emt 0:00:01]} 26. Nxe6+ {[%emt 0:00:01]} fxe6 {[%emt 0:00:01]} 27. Rd4 {[%emt 0:00:04]} Rb2 {[%emt 0:00:24]} 28. Rdxc4 {[%emt 0:00:04]} Rff2 {[%emt 0:00:01]} 29. Rxc7+ {[%emt 0:00:03]} Kh6 {[%emt 0:00:00]} 30. Be4 {[%emt 0:00:06]} Rxh2 {[%emt 0:00:10]} 31. R7c2 {[%emt 0:00:02]} Rhxc2 32. Rxc2 {[%emt 0:00:01]} Rb3 {[%emt 0:00:05]} 33. Kf2 {[%emt 0:00:04]} a5 {[%emt 0:00:03]} 34. Rc6 {[%emt 0:00:04]} a4 {[%emt 0:00:03]} 35. Rxe6 {[%emt 0:00:02]} a3 {[%emt 0:00:01]} 36. Ra6 {[%emt 0:00:01]} Kg5 {[%emt 0:00:03]} 37. Bd5 {[%emt 0:00:02]} Rc3 {[%emt 0:00:01]} 38. Kf3 {[%emt 0:00:02]} Kh5 {[%emt 0:00:06]} 39. Bg8 {[%emt 0:00:01]} h6 {[%emt 0:00:02]} 40. Bf7 {[%emt 0:00:02]} Kg5 {[%emt 0:00:03]} 41. Rxg6+ {[%emt 0:00:02]} Kf5 {[%emt 0:00:00]} 42. Rxh6 {[%emt 0:00:03]} Rc7 {[%emt 0:00:03]} 43. Bd5 {[%emt 0:00:04]} Ra7 {[%emt 0:00:02]} 44. Rh2 {[%emt 0:00:03]} Ke5 {[%emt 0:00:02]} 45. e4 {[%emt 0:00:01]} Rc7 {[%emt 0:00:04]} 46. Ra2 {[%emt 0:00:02]} Rc3+ {[%emt 0:00:01]} 47. Kg2 {[%emt 0:00:02]} Kd4 {[%emt 0:00:06]} 48. g4 {[%emt 0:00:02]} Ke3 {[%emt 0:00:02]} 1-0

[Event "RUS-ch Blitz Women 2018"]
[Site "Sochi"]
[Date "2018.10.07"]
[Round "17"]
[White "Nebolsina, Vera"]
[Black "Illina, Natalia"]
[Result "1-0"]
[WhiteElo "2220"]
[BlackElo "1879"]
[Annotator "NA"]
[PlyCount "75"]
[EventDate "2018.10.07"]
[EventType "swiss"]
[EventCountry "RUS"]
[SourceTitle "playchess.com"]
[Source "ChessBase"]
[SourceQuality "1"]
[TimeControl "180+2"]

1. e4 {[%emt 0:00:00]} c5 {[%emt 0:00:00]} 2. Nc3 {[%emt 0:00:00]} g6 {[%emt 0:00:00]} 3. f4 {[%emt 0:00:07]} Bg7 {[%emt 0:00:03]} 4. Nf3 {[%emt 0:00:03]} d6 {[%emt 0:00:03]} 5. Bc4 {[%emt 0:00:06]} Nc6 {[%emt 0:00:04]} 6. O-O {[%emt 0:00:10]} e6 {[%emt 0:00:07]} 7. d3 {[%emt 0:00:03]} Nge7 {[%emt 0:00:01]} 8. Qe1 {[%emt 0:00:02]} O-O {[%emt 0:00:10]} 9. Qh4 {[%emt 0:00:04]} d5 {[%emt 0:00:08]} 10. Bb3 {[%emt 0:00:02]} Nd4 {[%emt 0:00:02]} 11. Nxd4 {[%emt 0:00:02]} cxd4 {[%emt 0:00:14]} 12. Ne2 {[%emt 0:00:02]} dxe4 {[%emt 0:00:23]} 13. dxe4 {[%emt 0:00:02]} Nc6 {[%emt 0:00:32]} 14. Qg3 {[%emt 0:00:36]} Na5 {[%emt 0:00:12]} 15. e5 {[%emt 0:00:24]} Qb6 {[%emt 0:00:20]} 16. Qf2 {[%emt 0:00:35]} Rd8 {[%emt 0:00:09]} 17. Ng3 {[%emt 0:00:02]} Nxb3 {[%emt 0:00:41]} 18. axb3 {[%emt 0:00:02]} Bd7 {[%emt 0:00:00]} 19. Bd2 {[%emt 0:00:13]} Bc6 {[%emt 0:00:04]} 20. Ba5 {[%emt 0:00:02]} Qb5 {[%emt 0:00:05]} 21. Bxd8 {[%emt 0:00:01]} Rxd8 {[%emt 0:00:01]} 22. Rxa7 {[%emt 0:00:06]} Bf8 23. Rfa1 {[%emt 0:00:20]} d3 {[%emt 0:00:18]} 24. c4 {[%emt 0:00:04]} Qb4 {[%emt 0:00:03]} 25. Ra8 {[%emt 0:00:08]} Bc5 {[%emt 0:00:01]} 26. Rxd8+ Kg7 {[%emt 0:00:00]} 27. Rxd3 {[%emt 0:00:09]} Bxf2+ 28. Kxf2 {[%emt 0:00:02]} b5 {[%emt 0:00:04]} 29. Rc1 {[%emt 0:00:06]} Qc5+ {[%emt 0:00:07]} 30. Kf1 {[%emt 0:00:04]} bxc4 {[%emt 0:00:04]} 31. Rxc4 {[%emt 0:00:01]} Qb6 {[%emt 0:00:01]} 32. Rd6 {[%emt 0:00:02]} Qe3 {[%emt 0:00:04]} 33. Rdxc6 {[%emt 0:00:03]} Qd3+ {[%emt 0:00:01]} 34. Kf2 {[%emt 0:00:01]} Qd2+ {[%emt 0:00:02]} 35. Ne2 {[%emt 0:00:01]} Qd3 {[%emt 0:00:03]} 36. Rd6 {[%emt 0:00:01]} Qf5 {[%emt 0:00:02]} 37. Rd7 {[%emt 0:00:02]} g5 {[%emt 0:00:00]} 38. Rcc7 {[%emt 0:00:01]} 1-0

[Event "RUS-ch Blitz Women 2018"]
[Site "Sochi"]
[Date "2018.10.07"]
[Round "17"]
[White "Vinokur, Yuliya"]
[Black "Gritsayeva, Oksana"]
[Result "0-1"]
[WhiteElo "2170"]
[BlackElo "2378"]
[Annotator "NA"]
[PlyCount "56"]
[EventDate "2018.10.07"]
[EventType "swiss"]
[EventCountry "RUS"]
[SourceTitle "playchess.com"]
[Source "ChessBase"]
[SourceQuality "1"]
[TimeControl "180+2"]

1. d4 {[%emt 0:00:00]} Nf6 {[%emt 0:00:00]} 2. c4 {[%emt 0:00:01]} e6 {[%emt 0:00:00]} 3. g3 {[%emt 0:00:01]} c5 {[%emt 0:00:01]} 4. d5 {[%emt 0:00:03]} exd5 {[%emt 0:00:01]} 5. cxd5 {[%emt 0:00:01]} b5 {[%emt 0:00:01]} 6. Bg2 {[%emt 0:00:03]} d6 {[%emt 0:00:01]} 7. a4 {[%emt 0:00:10]} b4 {[%emt 0:00:03]} 8. Nf3 {[%emt 0:00:08]} Be7 {[%emt 0:00:04]} 9. O-O {[%emt 0:00:02]} a5 {[%emt 0:00:10]} 10. Nbd2 {[%emt 0:00:05]} Nbd7 {[%emt 0:00:03]} 11. Nc4 {[%emt 0:00:26]} Nb6 {[%emt 0:00:03]} 12. Nxb6 {[%emt 0:00:29]} Qxb6 {[%emt 0:00:01]} 13. Nd2 {[%emt 0:00:01]} Ba6 {[%emt 0:00:07]} 14. Qc2 {[%emt 0:00:05]} O-O {[%emt 0:01:07]} 15. Nc4 {[%emt 0:00:09]} Qc7 {[%emt 0:00:01]} 16. b3 {[%emt 0:00:05]} Nd7 {[%emt 0:00:06]} 17. Bb2 {[%emt 0:00:04]} Bf6 {[%emt 0:00:02]} 18. Bxf6 {[%emt 0:00:03]} Nxf6 {[%emt 0:00:02]} 19. Rac1 {[%emt 0:00:02]} Rfe8 {[%emt 0:00:03]} 20. Rfe1 {[%emt 0:00:01]} Re7 {[%emt 0:00:09]} 21. e4 {[%emt 0:00:14]} Rae8 {[%emt 0:00:03]} 22. f4 {[%emt 0:00:10]} Nxd5 {[%emt 0:00:07]} 23. e5 {[%emt 0:00:41]} Bxc4 {[%emt 0:00:11]} 24. Qxc4 {[%emt 0:00:04]} Nc3 {[%emt 0:00:02]} 25. Bd5 {[%emt 0:00:24]} dxe5 {[%emt 0:00:06]} 26. fxe5 {[%emt 0:00:01]} Rxe5 {[%emt 0:00:11]} 27. Rxe5 {[%emt 0:00:02]} Rxe5 {[%emt 0:00:01]} 28. Bg2 {[%emt 0:00:07]} Ne2+ {[%emt 0:00:06]} 0-1